000
00209nam a2200097Ia 4500
008
240331s9999 xx 000 0 und d
082
_b
AGA
100
_a
Agalangan,
245
0
_a
Agalangan Kavithaigal
942
_c
L
999
_c
3737
_d
3737